01128nam a22003017a 4500999001700000003000900017005001700026008004100043017001400084020001500098040004300113043001200156082002700168100005200195245007000247246004700317264008700364300002900451336002600480337003500506338002900541650006600570651001000636653002300646655002400669942001200693952012100705 c15863d15863EG-ScBUE20210128112624.0110817s2004 ua a f 000 f ara d a2004/7334 a9770190616 aEG-ScBUEbaraerdacEG-ScBUEdEG-ScBUE aa-sy---04a892.736bن ع ي 2221 926782aالنعيمي، خليل،eمؤلف.10aدمشق67 :bرواية /cتأليف خليل النعيمي.3 aدمشق سبعة وستون :bرواية 1aالقاهرة :bالهيئة المصرية العامة للكتاب،c2004. a295 صفحة ؛c24 سم 2rdacontentaنصbtxt 2rdamediaaبدون وسيطbn 2rdacarrieraمجلدbnc 7926784aالقصص العربيةzدمشقyقرن 20.2BUEsh 2BUEsh cAugust2011bARALIT vReading book934232 2ddccBB 00102ddc40708BaccahaMAINbMAINc2NDd2011-08-17ePurchaseo892.736 ن ع يp000024561r2025-07-15 00:00:00yBB